Statistics for Every Big 12 Team and Nickname

Click here to take the quiz!

General Stats

  • This quiz has been taken 4 times
  • The average score is 18 of 20

Answer Stats

Answer % Correct
Oklahoma State
100%
Cowboys
100%
Kansas
100%
Kansas State
100%
Oklahoma
100%
Longhorns
100%
Jayhawks
100%
Horned Frogs
100%
Sooners
100%
Iowa State
100%
TCU
100%
Texas
100%
Texas Tech
100%
Red Raiders
75%
Baylor
75%
Cyclones
75%
Wildcats
75%
West Virginia
50%
Bears
50%
Mountaineers
50%

Score Distribution

Percentile by Number Answered

Percent of People with Each Score

Your Score History

You have not taken this quiz